- Rodríguez Gómez Guerra, Roberto A.
Entry Nombre Personal
001 - NUMERO DE CONTROL
- campo de control: 46065
003 - IDENTIFICADOR DE NUMERO DE CONTROL
- campo de control: DLC
005 - FECHA Y HORA DE LA ÜLTIMA TRANSACCIÓN
- campo de control: 20220922125253.0
008 - DATOS DE LONGITUD FIJA
- campo de control de longitud fija: 220920n| azannaabn |a aaa c
010 ## - NÚMERO DE CONTROL DE LA BIBLIOTECA DEL CONGRESO
- Número de control LC: n 85001346
035 ## - NUMERO DE CONTROL
- Número de control: (OCoLC)oca01274345
040 ## - FUENTE DE CATALOGACIÓN
- Agencia original de catalogación: TxU
- Lenguaje de catalogación: spa
- Description conventions: rda
- Agencia de transcripción: DLC
- Agencia que lo modifica: DLC
- Agencia que lo modifica: OCoLC
- Agencia que lo modifica: DLC
- Agencia que lo modifica: ICU
- Agencia que lo modifica: MX-MxUPN
100 1# - ENCABEZAMIENTO - NOMBRE PERSONAL
- Nombre personal: Rodríguez Gómez Guerra, Roberto A.
- Fuller form of name: (Roberto Angel)
372 ## - CAMPO DE ACTIVIDAD
- Field of activity: Política educativa
- Field of activity: Educación superior comparada
373 ## - GRUPO ASOCIADO
- Associated group: Universidad Nacional Autónoma de México. Instituto de Investigaciones Sociales
- Associated group: Universidad Nacional Autónoma de México. Facultad de Ciencias Políticas y Sociales
- Associated group: Sistema Nacional de Investigadores (México)
- Associated group: Academia Mexicana de Ciencias
- Associated group: Universidad Nacional Autónoma de México. Seminario de Educación Superior
- Associated group: Consejo Mexicano de Investigación Educativa
374 ## - OCUPACIÓN
- Occupation: Sociólogo
- Occupation: Investigador
- Occupation: Profesor universitario
400 1# - VEÁSE - NOMBRE DE PERSONA
- Personal name: Guerra, Roberto A. Rodríguez Gómez
- Fuller form of name: (Roberto Angel Rodríguez Gómez)
400 1# - VEÁSE - NOMBRE DE PERSONA
- Personal name: Gómez Guerra, Roberto A. Rodríguez
- Fuller form of name: (Roberto Angel Rodríguez)
400 1# - VEÁSE - NOMBRE DE PERSONA
- Personal name: Rodríguez G., Roberto A.
- Fuller form of name: (Roberto Angel Rodríguez Gómez)
400 1# - VEÁSE - NOMBRE DE PERSONA
- Personal name: Rodríguez Gómez, Roberto
400 1# - VEÁSE - NOMBRE DE PERSONA
- Personal name: Gómez, Roberto Rodríguez
400 1# - VEÁSE - NOMBRE DE PERSONA
- Personal name: Rodríguez, Roberto
- Fuller form of name: (Rodríguez Gómez Guerra)
400 1# - VEÁSE - NOMBRE DE PERSONA
- Personal name: Rodríguez Gómez, Roberto Ángel
670 ## - FUENTE EN LA QUE SE LOCALIZARON DATOS
- Cita de la fuente: Bartolucci Incico, J. El Colegio de Ciencias y Humanidades (1971-1980), 1983:
- Información localizada: portada (Roberto A. Rodríguez Gómez Guerra) cubierta (Roberto A. Rodríguez G.) página ix (Roberto Angel Rodríguez Gómez Guerra)
670 ## - FUENTE EN LA QUE SE LOCALIZARON DATOS
- Cita de la fuente: Diversidad educativa en el Caribe, 1993:
- Información localizada: portada (Roberto Rodríguez Gómez)
670 ## - FUENTE EN LA QUE SE LOCALIZARON DATOS
- Cita de la fuente: La UNAM, 2001:
- Información localizada: portada ( Roberto Rodríguez) introducción (Roberto Rodríguez Gómez Guerra)
670 ## - FUENTE EN LA QUE SE LOCALIZARON DATOS
- Cita de la fuente: En la obra: La educación y los retos de 2018:
- Información localizada: portada (Roberto Rodríguez) solapa posterior (Roberto Rodríguez Gómez. Doctor en Sociología por el Colegio de México. Investigador del IIS y profesor del posgrado de la FCPS de la UNAM. Integrante del Sistema Nacional de Investigadores, de la Academia Mexicana de Ciencias y del Seminario de Educación Superior de la UNAM. Sus líneas de investigación son política educativa y educación superior comparada. Miembro del Consejo Mexicano de Investigación Educativa del cual fue presidente. ha sido director de la Revista de la Educación Superior y actualmente dirige la Revista Mexicana de Investigación Educativa)
902 ## - CATALOGADOR
- Catalogador: NDAF/200922
